00464 2200169 4500001002100000005001700021006001900038008004100057020002100098035002500119090001900144100002300163245002400186260003800210700002900248990001700277INLIS00000000000846020140227104521.0a ||| | 180719| ||| |  a978-979-29-1600- a0010-081300000000097 a641.5975 CON b0 aSheila Gondowijoyo00aback to the kitchen aYogyakartabC.V ANDI OFFSETc20100 aTheresia Arie Prabawanti a8626/PN/2013